Conservation of Glass (Record no. 27)
[ view plain ]
| 000 -CABECERA | |
|---|---|
| campo de control de longitud fija | 00874nam a2200253 a 4500 |
| 001 - NÚMERO DE CONTROL | |
| campo de control | BRCA_27 |
| 005 - FECHA Y HORA DE LA ÚLTIMA TRANSACCIÓN | |
| campo de control | 20190320202841.0 |
| 008 - DATOS DE LONGITUD FIJA--INFORMACIÓN GENERAL | |
| campo de control de longitud fija | 960808s1996 enka---##b---#001-0#eng-d |
| 020 ## - NÚMERO INTERNACIONAL ESTÁNDAR DEL LIBRO | |
| Número Internacional Estándar del Libro | 0750624485 |
| 040 ## - FUENTE DE LA CATALOGACIÓN | |
| Centro catalogador/agencia de origen | Uk |
| Centro/agencia transcriptor | Uk |
| Centro/agencia modificador | DLC |
| 050 #4 - SIGNATURA TOPOGRÁFICA DE LA BIBLIOTECA DEL CONGRESO | |
| Número de clasificación | NK5104.5 |
| Número de documento/Ítem | .N49 1996 |
| 100 1# - ENTRADA PRINCIPAL--NOMBRE DE PERSONA | |
| Nombre de persona | Newton, Roy G. |
| 9 (RLIN) | 127 |
| 245 10 - MENCIÓN DE TÍTULO | |
| Título | Conservation of Glass |
| Mención de responsabilidad, etc. | Roy Newton, Sandra Davison. |
| 260 ## - PUBLICACIÓN, DISTRIBUCIÓN, ETC. | |
| Lugar de publicación, distribución, etc. | Boston |
| Nombre del editor, distribuidor, etc. | Butterworth-Heinemann |
| Fecha de publicación, distribución, etc. | 1996 |
| 300 ## - DESCRIPCIÓN FÍSICA | |
| Extensión | xiii, 318 p. |
| Otras características físicas | il., [2] p. de láminas |
| Dimensiones | 25 cm. |
| 440 #0 - MENCIÓN DE SERIE/PUNTO DE ACCESO ADICIONAL--TÍTULO | |
| Título | Butterworth-Heinemann Series in Conservation and Museology |
| 9 (RLIN) | 128 |
| 500 ## - NOTA GENERAL | |
| Nota general | Incluye índice temático, índice de nombres y glosario |
| 504 ## - NOTA DE BIBLIOGRAFÍA, ETC. | |
| Nota de bibliografía, etc. | Bibliografía: p. 284-305 |
| 650 14 - PUNTO DE ACCESO ADICIONAL DE MATERIA--TÉRMINO DE MATERIA | |
| Término de materia o nombre geográfico como elemento de entrada | Cristalería |
| Subdivisión general | Conservación y restauración |
| 9 (RLIN) | 129 |
| 650 14 - PUNTO DE ACCESO ADICIONAL DE MATERIA--TÉRMINO DE MATERIA | |
| Término de materia o nombre geográfico como elemento de entrada | Vitrales medievales |
| Subdivisión general | Conservación y restauración |
| 9 (RLIN) | 130 |
| 653 0# - TÉRMINO DE INDIZACIÓN--NO CONTROLADO | |
| Término no controlado | Vidrio |
| 700 1# - PUNTO DE ACCESO ADICIONAL--NOMBRE DE PERSONA | |
| Nombre de persona | Davison, Sandra |
| 9 (RLIN) | 131 |
| 942 ## - ELEMENTOS DE PUNTO DE ACCESO ADICIONAL (KOHA) | |
| Fuente del sistema de clasificación o colocación | Library of Congress Classification |
| Tipo de ítem Koha | Libros |
| Estado de retiro | Estado de pérdida | Estado dañado | No para préstamo | Localización permanente | Ubicación/localización actual | Fecha de adquisición | Total de préstamos | Signatura topográfica completa | Código de barras | Fecha visto por última vez | Precio válido a partir de | Tipo de ítem Koha |
|---|---|---|---|---|---|---|---|---|---|---|---|---|
| El ejemplar forma parte de la colección y puede ser consultado según las políticas vigentes. | Biblioteca del Museo Franz Mayer (Rogerio Casas-Alatriste) | Biblioteca del Museo Franz Mayer (Rogerio Casas-Alatriste) | 25/06/2008 | NK5104.5 .N49 1996 | 00022_1 | 23/03/2019 | 23/03/2019 | Libros |